000 00375nam a2200157Ia 4500
003 Ost
005 20260225132556.0
008 260225s9999||||xx |||||||||||||| ||und||
040 _cfsic
041 _afre
082 _a440
100 _aEmmanuel Larraz
_eAuteur
245 0 _aLe Cinéma espagnol des origines à nos jours /
245 0 _cEmmanuel Larraz
942 _cكتاب
999 _c34437
_d34437